[Event "Titled Tuesday intern op 27th Sep Early"]
[Site "Chess.com INT"]
[Date "2022.09.27"]
[Round "1"]
[White "Polanco Nunez, Yoel Estarling"]
[Black "Bayo Milagro, Alvaro"]
[Result "0-1"]
[WhiteElo "2199"]
[BlackElo "2285"]
[PlyCount "47"]
[EventDate "2022.09.27"]
[EventType "swiss (blitz)"]
[EventRounds "11"]
[EventCountry "USA"]
[SourceTitle "CBM 210 Extra"]
[Source "ChessBase"]
[SourceDate "2022.11.30"]
[SourceVersion "1"]
[SourceVersionDate "2022.11.30"]
[SourceQuality "1"]

1. Nf3 Nf6 2. g3 d5 3. Bg2 c6 4. c4 dxc4 5. Qc2 g6 6. Qxc4 Bg7 7. d4 0-0 8. Nc3 Be6 9. Qd3 Nd5 10. 0-0 Nd7 11. e4 Nxc3 12. bxc3 Nb6 13. Nd2 Qd7 14. Bb2 Bh3 15. Bxh3 Qxh3 16. Rab1 Rad8 17. Qe2 Qe6 18. Ra1 c5 19. d5 Nxd5 20. Qb5 Nxc3 21. Bxc3 Bxc3 22. Nc4 Bxa1 23. Rxa1 a6 24. Qb3 0-1